مكتبة جامعة عجلون الوطنية

فهرس بحث المكتبة

Normal view MARC view
  • مرافعات -- قوانين وانظمة -- البحرين -- قانون مدني -- البحرين -- قانون تجاري -- البحرين

Entry Topical Term

Number of records used in: 1

001 - CONTROL NUMBER

  • control field: 53063

003 - CONTROL NUMBER IDENTIFIER

  • control field: JO-AjAnu

005 - DATE AND TIME OF LATEST TRANSACTION

  • control field: 20230606082722.0

008 - FIXED-LENGTH DATA ELEMENTS

  • fixed length control field: 230606|| aca||aabn | a|a d

040 ## - CATALOGING SOURCE

  • Original cataloging agency: JO-AjAnu
  • Transcribing agency: JO-AjAnu

150 ## - HEADING--TOPICAL TERM

  • Topical term or geographic name entry element: مرافعات -- قوانين وانظمة -- البحرين -- قانون مدني -- البحرين -- قانون تجاري -- البحرين

670 ## - SOURCE DATA FOUND

  • Source citation: Work cat.: (JO-AjAnu)27111: الدليمي ، محمد عبدالله حمود , author 53062, شرح قانون المرافعات البحريني وفقا لقانون الإجراءات المدنية والتجارية رقم (12) لسنة 1971 وتعديلاته